[Event "RUS-ch51"]
[Site "St Petersburg"]
[Date "1998.07.30"]
[Round "3"]
[White "Shipov, Sergei"]
[Black "Ivanov, Sergey"]
[Result "0-1"]
[WhiteElo "2635"]
[BlackElo "2550"]
[Annotator "Ribli,Z"]
[PlyCount "70"]
[EventDate "1998.07.28"]
[EventType "swiss"]
[EventRounds "11"]
[EventCountry "RUS"]
[SourceTitle "CBM 067"]
[Source "ChessBase"]
[SourceDate "1998.11.30"]
[SourceVersion "2"]
[SourceVersionDate "1998.11.01"]
[SourceQuality "1"]

1. d4 Nf6 2. c4 e6 3. Nf3 d5 4. g3 dxc4 5. Bg2 a6 6. O-O Nc6 7. Na3 {Dieser
Zug führt zu unklarem Spiel. Meines Erachtens bieten die Alternativen 7.e3 und
7.Nc3 dem Weißen bessere Chancen auf Eröffnungsvorteil. Ribli.} (7. e3 Bd7 8.
Qe2 b5 9. Rd1 Be7) 7... Bxa3 {Schwarz gibt das Läuferpaar auf.} 8. bxa3 O-O 9.
Bb2 Rb8 (9... Bd7 10. Qc2 b5 11. Rad1 Qe7 12. Ne5 Nd5 13. Nxd7 Qxd7 14. e4 $44)
10. Qc2 b5 11. Rad1 {[#] Weiß bereitet den Bauernvorstoß e2-e4 vor, hat mit
den Läufern auf den langen Diagonalen Spiel für den Bauern.} Rb6 $5 {[%cal
Gb6h6] Diese Fortsetzung ist auf den ersten Blick sonderbar, aber der Turm
steht gut auf der 6. Reihe.} (11... Bb7 $6 12. Ng5 Ne7 13. d5 e5 14. Bxe5 Ng6
15. Ba1) (11... Ne7 12. e4 Bb7 13. Rfe1 Ng6 14. Bc3 (14. h4 Re8 15. Rd2 h6 16.
Bc3 Nd7 17. a4 Nb6 18. a5 Na4 19. Bb4 c5 20. dxc5 Qc8 21. h5 Ne7 22. Red1 {
1/2-1/2 Gazerek,D-Sveshnikov,E/Ljubljana 1996 (45)}) 14... Qd7 15. h4 Rfd8 16.
d5 Qe7 17. Qb2 $36 {1/2-1/2 Khalifman,A-Akopian,V/Manila 1992 (28)}) 12. e4 Bb7
(12... h6 13. Nh4 Ne7 14. Bc3 Ne8 15. Bb4 Rb8 16. d5 exd5 17. exd5 Nd6 18. Rfe1
Re8 19. Re5 Bd7 20. h3 Nec8 21. f4 $44 {1-0 Zafirovski,M-Ostojic,N/Niksic 1997
(41)}) 13. Ng5 $13 {[%csl Gg5,Rh7][%cal Gc2h7] Weiß öffnet seinem Läufer die
Diagonale und droht 14.e5.} (13. Nh4 Ne7 14. Rfe1 (14. Bc3 Qa8 $1 {[%csl Re4]
[%cal Ga8g2]} 15. Ba5 Bxe4 16. Bxe4 Qxe4 17. Qxe4 Nxe4 18. Bxb6 cxb6 $17 {
[%csl Ga6,Gb5,Gb6,Gc4][%cal Ge7d5] Schwarz hat zwei Bauern für die Qualität
und ein ausgezeichnetes Vorpostenfeld auf d5.}) 14... Qa8 15. Qe2 {Weiß
bereitet den Bauernsturm g4-g5 vor.} Ng6 16. Nxg6 hxg6 17. g4 a5 $1 $132 {
Schwarz erlangt Gegenspiel mit ...b5-b4.}) 13... Nd7 (13... h6 14. Nh3 Ne7 $13
(14... Re8 $13)) 14. h4 (14. f4 $6 h6 15. Nf3 Ne7 {[%cal Gb7h1] Und Schwarz
plant 16...f5 mit gutem Spiel auf den weißen Feldern.}) 14... h6 15. Nh3 Re8 (
15... Ne7 16. d5 {[%csl Gb2][%cal Gb2h8]}) 16. Nf4 (16. d5 exd5 17. exd5 Nce5
$15) 16... e5 $1 $15 {Dieser Zug demonstriert, warum Schwarz nicht ...Ne7
spielte. Der weiße Turm d1 scheint gefährliches Spiel zu bekommen, aber
Schwarz kann alles blockieren.} 17. dxe5 (17. Nd5 {[%cal Rd5b6]} Nxd4 $1 18.
Bxd4 exd4 19. Nxb6 (19. Rxd4 c5 (19... Rd6) 20. Rd2 Rd6 21. Rfd1 Bxd5 22. Rxd5
Rxd5 23. Rxd5 Qe7 $17) 19... d3 20. Qb2 cxb6 $17 {[%csl Ga6,Gb5,Gc4,Gd3]} (
20... Nxb6 $17)) 17... Ncxe5 {[%csl Yd3]} 18. Qc3 (18. a4 Qa8 $15 (18... Qe7
$15)) (18. Bh3 Nf3+ 19. Kh1 Bxe4 20. Qc3 Nfe5+ 21. f3 Bc6 $17) (18. Bxe5 Rxe5)
18... Rd6 {Dank seines 11. Zuges (...Rb6) kann Schwarz seine Stellung
verstärken.} 19. Nd5 (19. Rxd6 cxd6 20. Rd1 Nf6 $17 (20... Nc5 $17)) 19... Bxd5
20. Rxd5 (20. exd5 Nf6 21. Rfe1 Nd3 $17 {[%csl Gd3][%cal Rd3e1,Rd3b2]}) 20...
Rxd5 21. exd5 Nf6 $17 {[%csl Rd5] Schwarz hat nur einen Bauern mehr, aber
seine Figurenkoordination ist ausgezeichnet. Der weiße Bauer d5 ist schwach
und es gibt Möglichkeiten, mit dem Springer auf d3 einzudringen.} 22. Qd4 (22.
Rd1 Nd3 23. Ba1 Re2 $17) 22... Qd6 (22... Nd3 23. Bc3 Re2 $17) 23. a4 b4 (23...
Nd3 $17) 24. Rd1 Nd3 25. Ba1 Qb6 $1 {Schwarz tauscht die gefährlichste weiße
Figur. Der Rest ist Technik.} (25... Re1+ 26. Rxe1 Nxe1 27. Qxc4 Nxg2 28. Bxf6
(28. Kxg2 Qxd5+ 29. Qxd5 Nxd5 30. Kf3 Nb6 $19) 28... Ne3 29. fxe3 Qxg3+ $17)
26. Qxb6 cxb6 {Der weiße Freibauer d5 ist ohne Bedeutung, denn er kann wegen
des schwarzen Springers auf d3 nicht vom Turm unterstützt werden.} 27. Bd4 (27.
Bxf6 gxf6 28. Bf1 Nb2 29. Rb1 c3 $17 {[%csl Rb1,Gc3]}) (27. Bf1 Nxd5 28. Bxd3
cxd3 29. Rxd3 Re1+ 30. Kg2 Rxa1 31. Rxd5 Rxa2 $19) 27... Rd8 (27... Re2 $17)
28. Bxb6 (28. Bf1 Rxd5 29. Bxf6 gxf6 $19) 28... Rd7 {Schwarz muß sich nicht
beeilen.} 29. a5 Nxd5 30. Rd2 (30. Bf1 Nc3 $19) 30... c3 $1 $19 {Der schwarze
Freibauer ist kaum aufzuhalten.} 31. Re2 (31. Rxd3 c2 32. Be3 (32. Bxd5 c1=Q+
33. Kh2 Qc2 $19) 32... Nxe3 $19) 31... Re7 32. Rc2 (32. Rxe7 Nxe7 33. Bf1 c2
34. Be3 c1=Q 35. Bxc1 Nxc1 36. Bxa6 Nc6 $19 {[%csl Ra5][%cal Rc6a5]}) 32... Ne1
{[%cal Re1g2,Re1c2]} 33. Rc1 Nxg2 34. Kxg2 Nxb6 35. axb6 Rb7 {[%csl Gb4,Rb6,
Gc3] Mit den verbundenen Freibauern gewinnt Schwarz leicht. Weiß gab auf.} 0-1

[Event "Bad Homburg"]
[Site "Bad Homburg"]
[Date "1998.07.24"]
[Round "7"]
[White "Zhu, Chen"]
[Black "Hort, Vlastimil"]
[Result "1-0"]
[WhiteElo "2490"]
[BlackElo "2510"]
[Annotator "Ribli,Z"]
[PlyCount "77"]
[EventDate "1998.07.17"]
[EventType "tourn"]
[EventRounds "9"]
[EventCountry "GER"]
[EventCategory "13"]
[SourceTitle "CBM 066"]
[Source "ChessBase"]
[SourceDate "1998.09.30"]
[SourceVersion "1"]
[SourceVersionDate "1998.09.30"]
[SourceQuality "1"]

1. d4 {Tisdall} Nf6 2. c4 e6 3. Nf3 Bb4+ {Das ist die Bogo-Indische
Verteidigung. Für gewöhnlich gerät Schwarz in eine feste, aber etwas passive
Stellung. Ribli.} 4. Bd2 a5 5. g3 d5 6. Bg2 (6. Qc2 {Dieser unscheinbare
Damenzug bringt Weiß meines Erachtens einen gewissen Positionsvorteil wegen
seines Übergewichtes im Zentrum ein.}) 6... dxc4 {Dieser scharfe Zug führt zu
schwarzen Gegenchancen.} 7. Qc2 (7. O-O O-O (7... Nc6 8. a3 Bxd2 9. Qxd2 a4 10.
Nc3 O-O 11. Rad1 Ra5 12. Qc2) 8. Qc2 Nc6 9. Qxc4) (7. Na3 Bxa3 8. bxa3 O-O 9.
Qc2 b5 10. Ne5 Nd5 11. Rb1 c6 12. O-O) 7... b5 {Dieser prinzipiell gute Zug
ist hier noch verfrüht.} (7... Bxd2+ 8. Nbxd2 b5 9. a4 c6 10. O-O (10. Ne5 Nd5
(10... Ra6)) 10... O-O 11. Rfd1 Na6 12. b3 Nb4 13. Qc1 cxb3 14. Nxb3 bxa4 15.
Nc5) (7... Nc6 8. Qxc4 Qd5) 8. a4 Bxd2+ (8... c6 9. axb5 (9. O-O Bxd2 (9... O-O
10. Nc3 Qb6 11. e4 Be7 12. e5 Nd5 13. Bg5 Ra7 14. Bxe7 Nxe7 15. Ng5 Ng6) 10.
Qxd2 O-O 11. Ne5 Nd5 12. axb5 cxb5 13. Nc3 f6 14. Ng4 Nc6 15. Nxb5 Rb8 16. Na3
Rb4 17. Rfd1 Qb6 18. e4 Nde7 19. Ne3 Ba6 20. Qc3 Rd8) 9... Bxd2+ 10. Nfxd2 Qxd4
11. Qxc4 Qb6 (11... Qxb2 12. Ra2 Qe5 13. Bxc6+ $18) (11... Qxc4 12. Nxc4 $16)
12. Nc3 Bb7 (12... Nd5 13. Nxd5 exd5 14. Bxd5) 13. Na4 Qc7 14. b6 Qe7 15. Nb3
Nd5 (15... Ba6 16. Qc5 $16) 16. Nbc5 (16. Nbc5 {Tisdall} O-O 17. O-O Ba6 18.
Qd4 Rd8 (18... Bxe2 19. b7 Ra7 20. Rfe1 Ba6 21. Nxe6 $1 $18) 19. b7 $1 Bxb7 20.
Nxb7 Qxb7 21. e4 $16 Qb4 22. Rfd1 Nd7 23. exd5 Qxd4 24. Rxd4 cxd5 25. Rc1 Rdc8
26. Rxc8+ (26. Rdd1 $5) 26... Rxc8 27. Bxd5 $5 exd5 28. Rxd5 Nf8 29. Rxa5 Rb8
30. Ra6 Rb4 31. Kf1 g5 32. Ke2 Ne6 33. Kd2 g4 {Gulko,B-Ljubojevic,L/Linares
1990/CBM 17/[Ftacnik]/1-0 (78)})) (8... bxa4 9. Qxa4+ Bd7 10. Qc2 Nc6 11. Qxc4
Rb8 12. O-O O-O 13. Nc3) 9. Nfxd2 {[%cal Gg2a8] Das ist der Unterschied! Nach
9.Nbxd2 c6 wäre die schwarze Stellung in Ordnung.} Nd5 (9... Ra7 {Tisdall:
looks better, at least keeping some pressure on d4.} 10. axb5 {Ribli} Qxd4 11.
Nxc4 O-O 12. O-O Qc5 13. Qb3) 10. axb5 {[%csl Rc4] +/- Tisdall: Now black is
hard pressed to show any compensation for the looming loss of his c4-pawn.} c6
(10... Bb7 {Tisdall} 11. O-O) 11. Qxc4 {Weiß besitzt einen Mehrbauern. Der
routinierte Großmeister Hort kann mit dem Eröffnungsergebnis nicht zufrieden
sein.} O-O 12. O-O cxb5 13. Qxb5 Bd7 (13... Ba6 {[%cal Ga6f1]} 14. Qxa5 Qxa5
15. Rxa5 Nc6 16. Bxd5 exd5 17. Rxd5 Bxe2 18. Re1) 14. Qd3 Nc6 {[%csl Yb4][%cal
Gd5b4,Gc6b4] Die starke schwarze Kontrolle über das Feld b4 stellt sicherlich
keine ausreichende Kompensation für den Minusbauern und das weiße
Zentrumsübergewicht dar.} 15. Nc4 Rb8 16. Nba3 Qe7 17. e4 Ndb4 18. Qe3 Qf6 (
18... Rfd8 19. d5 exd5 20. exd5 $16 {[%cal Gc4a5]}) 19. d5 (19. Rfd1) 19...
exd5 20. exd5 {[%csl Ra5,Gc4,Rc6]} Rfe8 $8 {Das ist die einzige schwarze
Möglichkeit, sonst verliert er auf a5 einen zweiten Bauern.} (20... Ne7 $142 {
Tisdall}) 21. dxc6 $1 {Tisdall: This game is very materialistic. Weiß tauscht
die Dame gegen Turm und zwei Leichtfiguren.} Rxe3 22. fxe3 {[%cal Rf1f6,Rc6d7]}
Qe7 (22... Bf5 23. g4 {[%cal Rf1f6]} Nxc6 24. Rxf5 $16) 23. cxd7 Qxd7 24. Nxa5
{Tisdall: The balance of power makes this game rather lopsided from here
forward. Die Materialverteilung (Turm, zwei Leichtfiguren und Bauer gegen die
Dame) sieht Weiß klar im Vorteil. Lediglich mit der Aufstellung der Figuren
gibt es kleine Probleme.} g6 25. Rad1 Qe6 {[%cal Re6e3,Re3g1]} 26. N5c4 Kg7 27.
Kh1 {Weiß ist nicht in Eile, für alle Fälle wird der König sicherer gestellt.}
h5 {[%cal Gh5h4]} 28. Rd4 {Dieser Zug ermöglicht die Turmverdoppelung in der
d- oder f-Linie.} Rf8 29. e4 Qe7 30. e5 {[%csl Ge5] Weiß hat so langsam eine
Angriffsstellung errichtet. Schwarz kann nur abwarten.} Kh6 31. Rd6 h4 {
Das ist die einzige kleine Gegenchance des Schwarzen.} 32. gxh4 Qxh4 33. Rdf6 {
[%csl Rf7][%cal Rf1f7]} Kg7 34. Nd6 {[%csl Rf7][%cal Rf1f7]} Nd3 35. Nac4 $1 {
Alles ist wieder verteidigt und 35...Nf2 ist ungefährlich.} (35. Rxf7+ Rxf7 36.
Rxf7+ Kg8 37. Nac4 $16) 35... Qd4 (35... Nxe5 36. Nxe5 Qxf6 37. Rxf6 Kxf6 38.
Nd7+) 36. R6f5 $5 {[%cal Gf5e5] Preparing e6 in a confusing way. Of course
Fritz is quick to spot the greedy Ein passives Opfer, das Schwarz nicht
annehmen muß.} (36. Nxf7 $1 {Tisdall based on the tactic} Qxc4 37. Nd6) 36...
Kg8 (36... gxf5 37. Nxf5+ $18 {[%cal Rf5d4,Rf5g7]}) 37. R5f3 Kg7 (37... Nxe5
38. Nxe5 Qxd6 (38... Qxe5 39. Nxf7 {[%cal Rf1f8,Rf7h6,Rh6g8,Rf7e5]}) 39. Nxf7
$18 {[%cal Rf1f8,Rf7d6,Rf7h6,Rh6g8]}) 38. e6 $18 {[%csl Ge6,Rf7][%cal Rf1f8,
Re6e7,Re7e8] Dieser Zug entscheidet den Kampf. Schwarz steht den vielfältigen
Drohungen hilflos gegenüber.} Ne5 39. Rf4 {Schwarz gab in verlorener Stellung
auf. Eine wirklich schlechte Patie Horts.} (39. Rf4 Qd3 40. e7) 1-0

[Event "CZE-ch"]
[Site "Zlin"]
[Date "1998.06.20"]
[Round "8"]
[White "Konopka, Michal"]
[Black "Haba, Petr"]
[Result "0-1"]
[WhiteElo "2445"]
[BlackElo "2570"]
[Annotator "Ribli,Z"]
[PlyCount "52"]
[EventDate "1998.06.13"]
[EventType "tourn"]
[EventRounds "11"]
[EventCountry "CZE"]
[EventCategory "9"]
[SourceTitle "CBM 066"]
[Source "ChessBase"]
[SourceDate "1998.09.30"]
[SourceVersion "1"]
[SourceVersionDate "1998.09.30"]
[SourceQuality "1"]

1. Nf3 d5 2. d4 Nf6 3. c4 e6 4. g3 dxc4 {Schwarz spielt die offene Variante
der Katalanischen Eröffnung. Er nimmt den Bauern c4 an und beendet, während
Weiß ihn zurückgewinnt, die Entwicklung. Ribli.} 5. Bg2 a6 6. O-O Nc6 $5 {
Das ist eine für Schwarz chancenreiche Variante.} 7. e3 Rb8 {Dieser Zug
genießt keinen guten Ruf. Beliebter ist seine Alternative 7...Bd7.} (7... Nb4
8. Ne5 c5 9. a3 Nbd5 10. dxc5 Qc7 11. Nxc4 Qxc5 12. Qe2 $14) (7... Bd7 8. Nc3
$5 Rb8 (8... Nd5 9. Nd2 Nxc3 10. bxc3 b5 11. a4 Rb8 12. Qg4 $44) (8... Be7 9.
Ne5 Nxe5 10. dxe5 Nd5 11. Nxd5 exd5 12. Bxd5 Bh3 13. Bxf7+ Kf8 (13... Kxf7 14.
Qh5+ {[%cal Rh5h3,Rh5f7]}) 14. Qf3) (8... Bd6 9. e4 e5 10. dxe5 Nxe5 11. Nxe5
Bxe5 12. f4 $14) 9. Ne5 Na5 10. e4 $44 {Weiß hat einen Bauern weniger,
beherrscht aber stark das Zentrum und ist gut entwickelt.}) 8. Qe2 (8. Nfd2 Qd7
$5 (8... Na7 9. Nxc4 b5 10. Ne5 c5 11. Bc6+ Bd7 12. Nxd7 Nxd7 13. Bg2 Be7 14.
a4 {1/2-1/2 Polugaevsky,L-Portisch,L/Amsterdam 1981 (41)}) 9. Nxc4 b5 10. Ne5 (
10. Ncd2 e5 11. Nb3 Bd6 12. Nc3 O-O 13. d5 Ne7 14. e4 c5 15. dxc6 Nxc6 16. Bg5
Be7 17. Rc1 {1/2-1/2 Gorelov,S-Kharitonov,A/URS-FL49 1981 (25)}) 10... Nxe5 11.
dxe5 Qxd1 12. Rxd1 Nd7 13. f4 Bc5 14. Nc3 Bb7 15. Bxb7 Rxb7 16. Kf2 Bb4 17. Ne4
Nc5 18. Kf3 Nxe4 19. Kxe4 Bc5 20. a4 Ke7 {Kachiani Gersinska,K-Kveinys,A/
Regensburg op 1996/1/2-1/2 (61)}) 8... b5 9. a4 $6 {Dieser automatische Zug
gefällt mir nicht, denn er schafft hier keine konkreten Drohungen und verliert
somit Zeit.} (9. Rd1 Bb7 (9... Bd7) 10. Nc3 Nb4 $1 11. a4 Be7 $1 (11... Nbd5 $2
12. axb5 Nxc3 13. bxc3 axb5 14. Ne5 $1 Bxg2 15. Kxg2 Qd5+ 16. f3 Bd6 17. e4 Qb7
18. Bg5 $1 $16 {+/- Gleizerov,E-Mikhalevsky/USSR 1989}) 12. axb5 axb5 13. b3
$13 {Gleizerov,E}) (9. b3 cxb3 10. axb3 Bb7 11. Bb2 Nb4 12. Rc1 Rc8 13. Nc3 c5
14. dxc5 Rxc5 15. Ba3 Nfd5 16. Ne4 Rxc1+ 17. Rxc1 Nd3 18. Ra1 b4 19. Qxd3 bxa3
20. Ne5 Bb4 21. Nc4 f5 22. Ned2 Qf6 {Gronn,A-Mikhalevski,V/WchJM-U18 1991/1/
2-1/2 (56)}) 9... Be7 10. Rd1 {[%cal Gd1d8]} (10. axb5 axb5 11. Nc3 O-O 12. b3
Bb4 13. Bb2 Bxc3 14. Bxc3 Nd5 15. Be1 cxb3 16. e4 Nb6 17. Qxb5 Nxd4 18. Nxd4
Qxd4 19. Ba5 b2 20. Rab1 Qa4 21. Qc5 Ba6 22. Rfe1 Nd7 23. Qc3 Rb3 24. Qxc7 Bd3
{0-1 Delchev,A-Genov,P/Plovdiv open 1991 (26)}) 10... O-O 11. e4 Nb4 $1 {
[%cal Rb4d3] Der schwarze Springer strebt nach d3. Weiß hat etwas Kompensation
für den Bauern, allerdings bin ich nicht überzeugt, ob sie ausreichend ist.}
12. axb5 (12. e5 $2 Nfd5 $15) (12. d5 exd5 13. e5 Ne4 $17) 12... axb5 {[%cal
Ga1a8]} 13. Ra7 $6 {Dieser demonstrative Turmzug ist in Wirklichkeit nicht so
effektiv wie er aussieht.} (13. Ne5 $5) (13. Bg5) 13... Nd3 $15 {[%csl Gd3]
Der eingedrungene schwarze Springer lähmt die weiße Stellung.} (13... c6 14.
Ne5 $44) 14. b3 Nxc1 (14... Bb7 $5 15. bxc4 bxc4 16. Nc3 Bb4 {[%csl Gb4,Gb7,
Gd3,Re4]}) 15. Rxc1 c5 $1 {Schwarz öffnet die Stellung für sein Läuferpaar.} (
15... cxb3 $5 16. Raxc7 (16. Rcxc7) 16... Bb7 $17) 16. bxc4 (16. dxc5 Bxc5 {
[%csl Ga7,Rc5][%cal Rc5a7]}) 16... bxc4 {[%cal Gb8b1]} (16... cxd4 17. cxb5 d3
$15) 17. Qxc4 (17. e5 Nd5 $15) (17. dxc5 Bxc5 {[%cal Rc5a7]} 18. Ra1 Ng4 $17 {
[%csl Rf2]}) 17... Rb4 $5 {[%csl Gb4,Rd4,Re4]} (17... Nxe4 18. Ne5 {[%csl Ge5]
[%cal Re5c6,Rc6e7,Rc6d8,Rc6b8,Rg2e4]} (18. Qc2 $5 {[%csl Re4]}) 18... Rxb1 (
18... Nd6 19. Qxc5 Nf5 {[%csl Rd4]} 20. Qc7 Nxd4 {[%cal Rd4e2,Re2c1,Re2g1,
Gd4c6]} 21. Qxb8 Ne2+ 22. Kh1 Nxc1 $17) 19. Rxb1 (19. Nc6 Rxc1+ 20. Qxc1 Bg5
$17 {[%cal Rg5c1]}) 19... Nd2 $17 {[%cal Rd2c4,Rd2b1]}) 18. Qa2 (18. Qc2 cxd4
$5 19. Ra8 d3 20. Qxc8 Rxb1 21. Rxb1 Qxc8 22. Rxc8 Rxc8 $17) (18. Qe2 cxd4 19.
Ra8 {[%csl Rc8][%cal Ra8c8,Gc1c8]} Qd7 (19... Qb6 20. Raxc8 Rxb1 $17) 20. Ne5
Qb7 $17 {[%csl Rb1][%cal Rb7b1,Rb7a8]}) 18... Bb7 $5 {[%csl Gb7,Re4]} (18...
cxd4 19. Ra8 {[%csl Rc8][%cal Rc1c8,Ra8c8]} Qd7 (19... Qb6 $2 20. Raxc8 $16)
20. Ne5 $13 {[%csl Yc6][%cal Re5c6,Rc6b4,Rc6e7]}) (18... Nxe4 $5) 19. dxc5 Bxc5
$17 {[%csl Ra7,Gb4,Gb7,Gc5,Re4][%cal Rc5a7,Gc5g1,Rb7e4] Die Stellung ist
materiell gleich, aber Schwarz steht wegen des Läuferpaares viel aktiver. Weiß
hat schwere Probleme mit der Figurenkoordination.} 20. Rxc5 (20. Rxb7 Rxb7 21.
Rxc5 Qd1+ {[%csl Rb1,Gd1][%cal Rd1b1,Rd1g1]} 22. Bf1 Rxb1 $19) 20... Qd1+ 21.
Bf1 Nxe4 {[%csl Gb4,Rc5,Gd1,Rf3][%cal Re4c5,Rd1f3,Gb7h1,Rd1b1,Rb4b1]} 22. Nc3 (
22. Rc7 Rxb1 23. Qxb1 Qxb1 24. Rcxb7 Qc2 $19) (22. Rxb7 Rxb7 $19 {[%csl Rb1,
Gb7,Rc5,Gd1,Ge4,Rf3][%cal Rd1f3,Rd1b1,Rb7b1,Re4c5]}) 22... Qxf3 {[%cal Gb7h1]}
23. Bg2 (23. Rxb7 Rxb7 24. Bg2 Rb1+ $5 25. Qxb1 (25. Nxb1 Qd1+ 26. Bf1 Nxc5 $19
) 25... Qxf2+ 26. Kh1 Nxc5 $19) 23... Qxg2+ $1 $19 {Dieses schöne Damenopfer
entscheidet die Partie. Schwarz gewinnt Material.} 24. Kxg2 Nxc3+ {[%cal Rb7g2,
Rc3a2]} 25. Rxb7 Nxa2 26. Ra7 (26. Rxb4 Nxb4 $19) 26... Rb2 {[%csl Ga2,Gb2]
und Weiß gab auf. Eine kurze, aber interessante Partie.} 0-1